La palabra pintada & ¿Quién teme al Bauhaus feroz?
Gardado en:
| Autor Principal: | |
|---|---|
| Outros autores: | |
| Formato: | Unknown |
| Publicado: |
Barcelona, España:
Anagrama,
2017.
|
| Edición: | Segunda edición. |
| Series: | Otra vuelta de tuerca
|
| Subjects: | |
| Tags: |
Engadir etiqueta
Sen Etiquetas, Sexa o primeiro en etiquetar este rexistro!
|
MARC
| LEADER | 00000 a2200000 4500 | ||
|---|---|---|---|
| 003 | CL-VaPUC | ||
| 005 | 20230503165222.0 | ||
| 008 | 230412t2017 ||||| |||| 00| 0 eng d | ||
| 999 | |c 440446 |d 440444 | ||
| 020 | |a 978-84-339-7592-8 | ||
| 040 | |c Pontificia Universidad Católica de Valparaíso | ||
| 082 | |2 22 |a 709.04 WOL 2017 | ||
| 100 | |a Wolfe, Tom |9 301786 |e autor | ||
| 245 | |a La palabra pintada & ¿Quién teme al Bauhaus feroz? | ||
| 250 | |a Segunda edición. | ||
| 260 | |a Barcelona, España: |b Anagrama, |c 2017. | ||
| 300 | |a 260 páginas. | ||
| 490 | |a Otra vuelta de tuerca |n 12. | ||
| 583 | |k GC |c 20230412 | ||
| 600 | 0 | |9 301786 |a Wolfe, Tom, |t La palabra pintada |v Crítica e interpretación |x Escritor y periodista estadounidense |x Arte moderno |y Siglo 20 | |
| 600 | 0 | |9 301786 |a Wolfe, Tom, |t ¿Quién teme al Bauhaus feroz? |v Crítica e interpretación |x Arquitectura moderna |y Siglo 20 | |
| 700 | |a Tusquets Blanca, Oscar |e presentación |9 881409 | ||
| 942 | |2 ddc |c BK | ||
| 952 | |0 0 |1 0 |2 ddc |4 0 |6 709_040000000000000_WOL_2017 |7 0 |8 A |9 589588 |a BIBART |b BIBART |d 2023-04-11 |e 45 |g 18900.00 |i 5657098 |l 2 |o 709.04 WOL 2017 |p 5657098 |r 2025-03-13 |s 2023-12-20 |t 1 |v 18900.00 |w 2023-04-11 |y BK |k ART | ||